Zoomorphia: Maria Fernanda Cardoso (Record no. 684)

MARC details
000 -LEADER
campo de control de longitud fija 00748nam a22001577a 4500
008 - DATOS DE LONGITUD FIJA--INFORMACIÓN GENERAL
campo de control de longitud fija 150612b xxu||||| |||| 00| 0 eng d
082 ## - NÚMERO DE LA CLASIFICACIÓN DECIMAL DEWEY
Número de clasificación 708
Número de ítem C 268z
100 ## - ENTRADA PRINCIPAL--NOMBRE DE PERSONA
Nombre de persona Cardoso, Maria Fernanda
9 (RLIN) 3079
245 ## - MENCIÓN DEL TÍTULO
Título Zoomorphia: Maria Fernanda Cardoso
Mención de responsabilidad, etc. Cardoso, Maria Fernanda; Elizabeth and Macgregor
260 ## - PUBLICACIÓN, DISTRIBUCIÓN, ETC.
Lugar de publicación, distribución, etc. Sydney, Australia
Nombre del editor, distribuidor, etc. Museum of Contemporary art
Fecha de publicación, distribución, etc. 2003
300 ## - DESCRIPCIÓN FÍSICA
Extensión 79 p.
Otras características físicas ill. (col)
Dimensiones 24x18 cm
505 ## - NOTA DE CONTENIDO CON FORMATO
Título Foreword: Elizabeth and Macgregor
-- Essay: The Tamer Tamed
Mención de responsabilidad Carolina Ponce de León
Título Cardoso Flea Circus /Circo de Pulgas Cardoso
-- Maria Fernanda Cardoso Interviewed
600 ## - PUNTO DE ACCESO ADICIONAL DE MATERIA--NOMBRE DE PERSONA
Nombre de persona Cardoso, Maria Fernanda
Subdivisión general Exhibiciones
9 (RLIN) 3080
650 ## - PUNTO DE ACCESO ADICIONAL DE MATERIA--TÉRMINO DE MATERIA
Subdivisión general Arte moderno-S.20
-- Arte-Colombia
-- Arte-animales
9 (RLIN) 3081
700 ## - ENTRADA AGREGADA--NOMBRE PERSONAL
Nombre de persona Maria Fernanda Cardoso
9 (RLIN) 3082
Holdings
Estatus retirado Estado de pérdida Fuente del sistema de clasificación o colocación Estado de daño No para préstamo Biblioteca de origen Biblioteca actual Ubicación en estantería Fecha de adquisición Total de préstamos Signatura topográfica completa Código de barras Visto por última vez Precio de reemplazo Tipo de ítem Koha
    Clasificación Decimal Dewey     Biblioteca LadoV Biblioteca LadoV   12/06/2015   708 C 268z 000632 12/06/2015 12/06/2015 Material 01